[Event "DEM U10/U10w 2006"]
[Site "Willingen GER"]
[Date "2006.06.05"]
[Round "4"]
[White "Helle, Samuel"]
[Black "Knopf, Felix"]
[Result "0-1"]
[Termination "normal"]
[Board "23"]
[WhiteElo "1358"]
[BlackElo "1251"]
[PlyCount "48"]
[WhiteFideId "24692182"]
[BlackFideId "24692204"]
[EventCountry "GER"]
[EventRounds "11"]
[EventType "swiss"]
[EventDate "2006.06.03"]

1. e4 c5 2. Nf3 Nc6 3. d4 cxd4 4. Nxd4 e5 5. Nb5 d6 6. f4 a6 7. N5c3 Nf6 8.
fxe5 Nxe5 9. Bf4 Ng6 10. Bg3 Be6 11. Qd4 Qc7 12. Nd2 Be7 13. Nc4 Bxc4 14. Bxc4
O-O 15. O-O-O Rad8 16. Nd5 Nxd5 17. Bxd5 Rc8 18. Rd2 Bf6 19. Qd3 Qb6 20. Bb3
Rfd8 21. Qe2 Bg5 22. Bf2 Bxd2+ 23. Qxd2 Qc7 24. Rf1 Rf8 0-1

[Event "DEM U10/U10w 2006"]
[Site "Willingen GER"]
[Date "2006.06.05"]
[Round "4"]
[White "Jünger, Alexander"]
[Black "Azizi, Nassim"]
[Result "1/2-1/2"]
[Termination "normal"]
[Board "24"]
[WhiteElo "1197"]
[BlackElo "1331"]
[PlyCount "144"]
[BlackFideId "4608119"]
[EventCountry "GER"]
[EventRounds "11"]
[EventType "swiss"]
[EventDate "2006.06.03"]

1. e4 c5 2. c3 g6 3. d4 Bg7 4. Be3 cxd4 5. cxd4 d6 6. Nc3 a6 7. Nf3 Nc6 8. Bc4
f5 9. O-O Nf6 10. Ng5 Rf8 11. Qb3 Na5 12. Bf7+ Kd7 13. Qa4+ b5 14. Nxb5 axb5
15. Qxb5+ Nc6 16. Be6+ Ke8 17. Qxc6+ Bd7 18. Bxd7+ Nxd7 19. Ne6 Qc8 20. Nxg7+
Kf7 21. Qxc8 Raxc8 22. Bh6 Rg8 23. exf5 Nf6 24. Ne6 gxf5 25. Rfe1 Rg6 26. Bf4
h6 27. a4 Nd5 28. Bd2 Rxe6 29. Rxe6 Kxe6 30. Bxh6 f4 31. a5 Kf5 32. a6 Nb6 33.
b4 e6 34. h4 d5 35. h5 Kg4 36. f3+ Kxh5 37. Bxf4 Kg6 38. g4 Rc4 39. Be5 Rxb4
40. a7 Na8 41. Ra6 Kf7 42. f4 Rb3 43. f5 exf5 44. gxf5 Rb1+ 45. Kf2 Rb2+ 46.
Ke3 Rb3+ 47. Kd2 Rb5 48. f6 Rb4 49. Kc3 Rb1 50. Rd6 Rb7 51. Ra6 Rb1 52. Bb8 Rb7
53. Rd6 Rb5 54. Kd3 Rb3+ 55. Ke2 Rb4 56. Ke3 Rb3+ 57. Kf4 Rb1 58. Ke5 Re1+ 59.
Kxd5 Re2 60. Kc6 Rb2 61. Rd7+ Kxf6 62. Rb7 Rc2+ 63. Kd7 Ra2 64. d5 Ra6 65. d6
Ke5 66. Ke7 Kd5 67. d7 Re6+ 68. Kf7 Kc6 69. d8=Q Kxb7 70. Qd7+ Nc7 71. Qxc7+
Ka8 72. Qd7 Re7+ 1/2-1/2

[Event "DEM U10/U10w 2006"]
[Site "Willingen GER"]
[Date "2006.06.05"]
[Round "4"]
[White "Preiß, Vincent"]
[Black "Bluhm, Sonja Maria"]
[Result "0-1"]
[Termination "normal"]
[Board "25"]
[WhiteElo "1289"]
[BlackElo "963"]
[PlyCount "49"]
[WhiteFideId "24660850"]
[BlackFideId "24654027"]
[EventCountry "GER"]
[EventRounds "11"]
[EventType "swiss"]
[EventDate "2006.06.03"]

1. d4 d5 2. c4 c6 3. Nc3 Nf6 4. Bf4 e6 5. e3 Be7 6. Nf3 Qa5 7. a3 O-O 8. c5 Qd8
9. Qc2 Re8 10. Bd3 h6 11. O-O b6 12. b4 Bb7 13. e4 dxe4 14. Nxe4 Nbd7 15. Bd6
Nxe4 16. Bxe7 Qxe7 17. Bxe4 Nf6 18. Bd3 Rac8 19. Ne5 Red8 20. Qc3 Nd5 21. Qb2
Nf4 22. Bb1 Qg5 23. g3 Rxd4 24. Nf3 Qd5 25. Qc3 0-1

[Event "DEM U10/U10w 2006"]
[Site "Willingen GER"]
[Date "2006.06.05"]
[Round "4"]
[White "Svane, Rasmus"]
[Black "Pfadenhauer, Johannes"]
[Result "0-1"]
[Termination "normal"]
[Board "26"]
[WhiteElo "1034"]
[BlackElo "1281"]
[PlyCount "50"]
[WhiteFideId "4657101"]
[BlackFideId "24615269"]
[EventCountry "GER"]
[EventRounds "11"]
[EventType "swiss"]
[EventDate "2006.06.03"]

1. e4 c5 2. Nf3 d6 3. d4 cxd4 4. Nxd4 Nf6 5. Nc3 Bd7 6. f3 g6 7. Be3 Bg7 8. Qd2
O-O 9. O-O-O a6 10. h4 Qc7 11. g4 b5 12. a3 Nc6 13. Nce2 Rfc8 14. c3 Na5 15.
Kb1 Nc4 16. Qd3 Rab8 17. Bc1 a5 18. Nc2 Ne5 19. Qe3 Be6 20. h5 b4 21. Ned4 bxc3
22. Bd3 cxb2 23. Bd2 Nc4 24. Qf2 Qc5 25. Bxc4 Qxc4 0-1

[Event "DEM U10/U10w 2006"]
[Site "Willingen GER"]
[Date "2006.06.05"]
[Round "4"]
[White "Lagunov, Elina"]
[Black "Höpfner, Tim"]
[Result "0-1"]
[Termination "normal"]
[Board "27"]
[WhiteElo "857"]
[BlackElo "1265"]
[PlyCount "116"]
[WhiteFideId "4673387"]
[BlackFideId "4638310"]
[EventCountry "GER"]
[EventRounds "11"]
[EventType "swiss"]
[EventDate "2006.06.03"]

1. e4 c5 2. Nf3 d6 3. Nc3 Nf6 4. Bc4 e6 5. O-O Be7 6. d3 O-O 7. Bf4 Nc6 8. Re1
b6 9. e5 dxe5 10. Nxe5 Nxe5 11. Bxe5 Bd6 12. Bxd6 Qxd6 13. Ne4 Nxe4 14. dxe4
Rd8 15. Qf3 Bb7 16. e5 Qc6 17. Qxc6 Bxc6 18. f4 Rd4 19. Be2 Rxf4 20. Rad1 Rf5
21. Bg4 Rg5 22. h3 h5 23. Be2 Rxg2+ 24. Kf1 Rh2 25. Rd3 Bb5 26. Rd6 Bxe2+ 27.
Rxe2 Rxe2 28. Kxe2 Kf8 29. Kf3 Ke7 30. Rc6 Rd8 31. Rc7+ Rd7 32. Rxd7+ Kxd7 33.
Kf4 Kc6 34. c4 b5 35. b3 f6 36. Ke4 h4 37. Kf4 fxe5+ 38. Kxe5 g5 39. Ke4 bxc4
40. bxc4 Kd6 41. Kf3 Ke5 42. Ke3 Kf5 43. Kf3 e5 44. a3 a6 45. Ke3 e4 46. Ke2
Kf4 47. Kf2 e3+ 48. Ke2 Kg3 49. Kxe3 Kxh3 50. Kf2 g4 51. Kg1 Kg3 52. Kh1 Kf2
53. Kh2 g3+ 54. Kh3 g2 55. Kxh4 g1=Q 56. Kh5 Qg7 57. Kh4 Qg6 58. Kh3 Qg3# 0-1

[Event "DEM U10/U10w 2006"]
[Site "Willingen GER"]
[Date "2006.06.05"]
[Round "4"]
[White "Rührmund, Daniel"]
[Black "Palm, Sören"]
[Result "1-0"]
[Termination "normal"]
[Board "28"]
[WhiteElo "1470"]
[BlackElo "1023"]
[PlyCount "75"]
[WhiteFideId "24674583"]
[BlackFideId "12925853"]
[EventCountry "GER"]
[EventRounds "11"]
[EventType "swiss"]
[EventDate "2006.06.03"]

1. e4 e5 2. Nf3 Nc6 3. d4 exd4 4. c3 Nf6 5. e5 Nd5 6. cxd4 Bb4+ 7. Bd2 O-O 8.
Bc4 Nf4 9. O-O d6 10. Bxf4 dxe5 11. dxe5 Bg4 12. h3 Bxf3 13. Qxf3 Qd4 14. Bb3
Qxb2 15. a3 Nd4 16. Qd3 Nxb3 17. axb4 Nxa1 18. Rd1 Qxb4 19. Bd2 Qe7 20. Qc3 Nc2
21. f4 f6 22. exf6 Qe4 23. fxg7 Rf7 24. Bc1 Rxg7 25. Qb3+ Kh8 26. g4 h5 27. Bb2
Qxf4 28. Bxg7+ Kxg7 29. Rd7+ Kf8 30. Qxc2 Qe3+ 31. Kg2 Qe6 32. Rd1 hxg4 33.
Qc5+ Ke8 34. Qh5+ Kf8 35. Qh8+ Kf7 36. Qh7+ Kf6 37. Rf1+ Kg5 38. h4# 1-0

[Event "DEM U10/U10w 2006"]
[Site "Willingen GER"]
[Date "2006.06.05"]
[Round "4"]
[White "Bakalarz, Bianca"]
[Black "Stahnecker, Ludwig"]
[Result "0-1"]
[Termination "normal"]
[Board "29"]
[WhiteElo "1033"]
[BlackElo "1447"]
[PlyCount "64"]
[BlackFideId "24692026"]
[EventCountry "GER"]
[EventRounds "11"]
[EventType "swiss"]
[EventDate "2006.06.03"]

1. e4 c5 2. Nf3 e6 3. d4 cxd4 4. Nxd4 Nf6 5. Nc3 Nc6 6. Be2 a6 7. Bd2 Nxd4 8.
Bf4 Nc6 9. O-O e5 10. Be3 Bb4 11. a3 Bxc3 12. bxc3 O-O 13. Bf3 d6 14. h3 Be6
15. Rb1 b5 16. Qc1 Qc7 17. Rd1 Rfd8 18. Kh1 Rab8 19. Bg5 Ne7 20. Bxf6 gxf6 21.
Rd3 Ng6 22. Qe3 Nf4 23. Rd2 Qc5 24. Qe1 Qxc3 25. Ra1 Qc8 26. h4 Bc4 27. g3 Ne6
28. Bg4 Qc5 29. Bh3 Kg7 30. Kh2 Nd4 31. Bg2 Be6 32. Qd1 Rb6 0-1

[Event "DEM U10/U10w 2006"]
[Site "Willingen GER"]
[Date "2006.06.05"]
[Round "4"]
[White "Nitzsche, Pia"]
[Black "Dang, An-Hai"]
[Result "1-0"]
[Termination "normal"]
[Board "30"]
[WhiteElo "1012"]
[BlackElo "1334"]
[PlyCount "71"]
[WhiteFideId "12900370"]
[EventCountry "GER"]
[EventRounds "11"]
[EventType "swiss"]
[EventDate "2006.06.03"]

1. e4 g6 2. d4 Bg7 3. Nf3 d6 4. Nc3 Bg4 5. Be2 Nf6 6. Be3 O-O 7. Qd2 Re8 8.
O-O-O Nbd7 9. h3 Bxf3 10. Bxf3 c6 11. g4 Nb6 12. Bh6 Bh8 13. Rhg1 Qc7 14. d5
Nc4 15. Qe1 Ne5 16. Be2 c5 17. h4 Qc8 18. f3 a6 19. h5 b5 20. hxg6 fxg6 21. Rh1
b4 22. Nb1 a5 23. Qh4 Nf7 24. g5 Nh5 25. f4 c4 26. Bxh5 gxh5 27. Qxh5 c3 28. g6
cxb2+ 29. Kd2 Bc3+ 30. Ke2 Qc4+ 31. Kf3 Nxh6 32. gxh7+ Kxh7 33. Qxh6+ Kg8 34.
Rdg1+ Kf7 35. Qg6+ Kf8 36. Qg8# 1-0

[Event "DEM U10/U10w 2006"]
[Site "Willingen GER"]
[Date "2006.06.05"]
[Round "4"]
[White "Winterholler, Christina"]
[Black "Priese, Annika"]
[Result "1-0"]
[Termination "normal"]
[Board "31"]
[WhiteElo "1332"]
[BlackElo "1000"]
[PlyCount "41"]
[WhiteFideId "24652105"]
[BlackFideId "24673730"]
[EventCountry "GER"]
[EventRounds "11"]
[EventType "swiss"]
[EventDate "2006.06.03"]

1. e4 d5 2. exd5 Qxd5 3. Nc3 Qa5 4. Bc4 Nf6 5. d4 Nc6 6. Nge2 Bg4 7. f3 Bh5 8.
Bd2 Qb4 9. b3 O-O-O 10. Nb5 Qxd2+ 11. Qxd2 e6 12. h4 Be7 13. g4 Bg6 14. h5 Bxh5
15. gxh5 Rhe8 16. O-O-O h6 17. Qf4 Rd7 18. Nbc3 Red8 19. Nb5 Nh7 20. Qe4 Rd6
21. Qxh7 1-0

[Event "DEM U10/U10w 2006"]
[Site "Willingen GER"]
[Date "2006.06.05"]
[Round "4"]
[White "Pannier, Lukas"]
[Black "Hümmecke, Aaron"]
[Result "0-1"]
[Termination "normal"]
[Board "32"]
[WhiteElo "994"]
[BlackElo "1260"]
[PlyCount "62"]
[BlackFideId "24692522"]
[EventCountry "GER"]
[EventRounds "11"]
[EventType "swiss"]
[EventDate "2006.06.03"]

1. e4 e5 2. Nf3 Nc6 3. Bc4 Nf6 4. d3 Bc5 5. O-O d6 6. h3 Be6 7. Bb3 O-O 8. Bg5
h6 9. Bh4 a5 10. a4 Bxb3 11. cxb3 Nd4 12. Nc3 c6 13. Re1 Ra6 14. Nh2 Rb6 15.
Ng4 g5 16. Nxf6+ Qxf6 17. Bg3 Rxb3 18. Rb1 Bb4 19. Qd2 b5 20. Ra1 bxa4 21. Rxa4
Nb5 22. Rc1 Bxc3 23. bxc3 Rd8 24. c4 Nd4 25. c5 dxc5 26. Rxc5 Rb1+ 27. Kh2 Nb3
28. Bxe5 Qe6 29. Qc2 Nxc5 30. Qxc5 Rb5 31. Qc3 Qxe5+ 0-1

[Event "DEM U10/U10w 2006"]
[Site "Willingen GER"]
[Date "2006.06.05"]
[Round "4"]
[White "Neef, Maximilian"]
[Black "Srokovskiy, Andrea"]
[Result "1-0"]
[Termination "normal"]
[Board "33"]
[WhiteElo "1197"]
[BlackElo "940"]
[PlyCount "99"]
[WhiteFideId "24692085"]
[BlackFideId "4624947"]
[EventCountry "GER"]
[EventRounds "11"]
[EventType "swiss"]
[EventDate "2006.06.03"]

1. e4 e5 2. Nf3 Nc6 3. Bb5 Nf6 4. O-O Nxe4 5. Re1 d5 6. d3 Nd6 7. Bxc6+ bxc6 8.
Nxe5 Be7 9. Nxc6 Qd7 10. Rxe7+ Qxe7 11. Nxe7 Kxe7 12. h3 Re8 13. Nc3 Be6 14.
Bf4 d4 15. Bxd6+ cxd6 16. Nb5 Rab8 17. Nxd4 Rxb2 18. Nxe6 fxe6 19. c4 Rf8 20.
f3 Rf6 21. d4 Rg6 22. g4 Rh6 23. Qf1 Rf6 24. d5 Rc2 25. Qd3 Rb2 26. dxe6 Rxe6
27. Qxh7 Kf7 28. Qf5+ Ke7 29. Qg5+ Kf8 30. Qd8+ Kf7 31. Qd7+ Kf6 32. g5+ Kf5
33. Qxg7 Rbe2 34. Qxa7 Kf4 35. Kf1 Kxf3 36. Qf7+ Kg3 37. g6 R6e3 38. g7 Rf3+
39. Qxf3+ Kxf3 40. g8=Q Rf2+ 41. Kg1 Ke2 42. Qe6+ Kf3 43. Qf5+ Ke3 44. Qxf2+
Ke4 45. Rd1 d5 46. Qe2+ Kf5 47. Rf1+ Kg5 48. Qg4+ Kh6 49. Rf5 Kh7 50. Rh5# 1-0

[Event "DEM U10/U10w 2006"]
[Site "Willingen GER"]
[Date "2006.06.05"]
[Round "4"]
[White "Müller, Alexandra"]
[Black "Kuckling, Hannah"]
[Result "1-0"]
[Termination "normal"]
[Board "34"]
[WhiteElo "1149"]
[BlackElo "876"]
[PlyCount "97"]
[WhiteFideId "24691496"]
[BlackFideId "24603660"]
[EventCountry "GER"]
[EventRounds "11"]
[EventType "swiss"]
[EventDate "2006.06.03"]

1. e4 c5 2. Nf3 d6 3. c3 Nc6 4. Be2 Nf6 5. d3 g6 6. O-O Bg7 7. h3 O-O 8. Be3
Be6 9. Nbd2 Re8 10. Nb3 b6 11. Rc1 d5 12. exd5 Bxd5 13. Qd2 Qd6 14. Rfd1 Rad8
15. Rc2 Ne5 16. Nxe5 Qxe5 17. Bf4 Qe6 18. c4 Bb7 19. Qe3 Qc6 20. Bf3 Qd7 21.
Rcd2 Qc8 22. Bxb7 Qxb7 23. d4 cxd4 24. Nxd4 Nd7 25. Qf3 Qc8 26. Nc6 e5 27. Nxd8
exf4 28. Rxd7 Bf6 29. Qd5 Rf8 30. Rxf7 Rxd8 31. Rc7+ Rxd5 32. Rxc8+ Kf7 33.
Rxd5 Bxb2 34. Rc7+ Ke6 35. Rxa7 h5 36. Rb7 Be5 37. Rxb6+ Kf5 38. Rbb5 Kf6 39.
Rxe5 g5 40. Rbd5 g4 41. hxg4 hxg4 42. c5 f3 43. gxf3 gxf3 44. c6 Kf7 45. c7 Kf6
46. c8=Q Kg6 47. Rd6+ Kf7 48. Qd7+ Kf8 49. Re8# 1-0

[Event "DEM U10/U10w 2006"]
[Site "Willingen GER"]
[Date "2006.06.05"]
[Round "4"]
[White "Manusina, Nicole"]
[Black "Schmalhorst, Sophia"]
[Result "1-0"]
[Termination "normal"]
[Board "35"]
[WhiteElo "1110"]
[BlackElo "879"]
[PlyCount "124"]
[WhiteFideId "24657514"]
[BlackFideId "24682497"]
[EventCountry "GER"]
[EventRounds "11"]
[EventType "swiss"]
[EventDate "2006.06.03"]

1. d4 d5 2. c4 e6 3. Nc3 Nf6 4. Bg5 Be7 5. Nf3 h6 6. Bh4 Bd6 7. e3 b6 8. Be2
Nbd7 9. O-O g5 10. Bg3 Bxg3 11. fxg3 Qe7 12. Qd2 Bb7 13. Rae1 O-O-O 14. cxd5
exd5 15. Bd3 g4 16. Nh4 Qe6 17. Rc1 Rde8 18. Nf5 Rhg8 19. Nb5 c6 20. Nxa7+ Kb8
21. Nxc6+ Bxc6 22. Qb4 Kb7 23. Nd6+ Kc7 24. Nb5+ Kb7 25. Nd6+ Kc7 26. Nf5 Kb7
27. Rc2 Rc8 28. Nd6+ Kc7 29. Nxc8 Rxc8 30. Bf5 Qxe3+ 31. Kh1 h5 32. Rfc1 Kb7
33. Qd6 Ne8 34. Qa3 Qxa3 35. bxa3 Nd6 36. Bxd7 Bxd7 37. Rxc8 Bxc8 38. Kg1 Nb5
39. Rd1 Nxa3 40. Kf2 Nb5 41. Ke3 Nc3 42. Rd2 Kc6 43. Rc2 Kd6 44. Rxc3 Bd7 45.
Kf4 f6 46. a3 b5 47. Ke3 Bf5 48. Kd2 Be4 49. Ke3 Bxg2 50. Rc8 Be4 51. Re8 Bg6
52. Rf8 Ke6 53. Rb8 Kd6 54. Rxb5 Be8 55. Rb4 Bd7 56. a4 Kc7 57. a5 Bc8 58. Kd3
Ba6+ 59. Kc3 f5 60. Rb6 Bc4 61. Kb4 Bd3 62. Kc5 Bc4 1-0

[Event "DEM U10/U10w 2006"]
[Site "Willingen GER"]
[Date "2006.06.05"]
[Round "4"]
[White "Haryanto, Selina"]
[Black "Bonk, Andras"]
[Result "0-1"]
[Termination "normal"]
[Board "36"]
[WhiteElo "979"]
[BlackElo "1084"]
[PlyCount "58"]
[BlackFideId "24692123"]
[EventCountry "GER"]
[EventRounds "11"]
[EventType "swiss"]
[EventDate "2006.06.03"]

1. e4 e5 2. Nf3 Nc6 3. Bc4 Nf6 4. Ng5 d5 5. exd5 Nxd5 6. Qf3 Be6 7. Nc3 Ncb4 8.
O-O Qxg5 9. Nxd5 Nxd5 10. Bxd5 Bxd5 11. Qxd5 Bd6 12. d4 Qh5 13. Re1 f6 14. dxe5
fxe5 15. Bf4 O-O-O 16. Bxe5 Rhe8 17. f4 Kb8 18. Rad1 b6 19. c4 Bc5+ 20. Kh1
Rxd5 21. Rxd5 Bd6 22. Bc3 Rxe1+ 23. Bxe1 Qe2 24. h4 Qxe1+ 25. Kh2 Bxf4+ 26. g3
Qf2+ 27. Kh1 Bxg3 28. Rd8+ Kb7 29. Rd2 Qf1# 0-1

[Event "DEM U10/U10w 2006"]
[Site "Willingen GER"]
[Date "2006.06.05"]
[Round "4"]
[White "Hauffen, Franziska"]
[Black "Schreiber, Justina"]
[Result "1-0"]
[Termination "normal"]
[Board "37"]
[WhiteElo "1084"]
[BlackElo "855"]
[PlyCount "135"]
[BlackFideId "24661570"]
[EventCountry "GER"]
[EventRounds "11"]
[EventType "swiss"]
[EventDate "2006.06.03"]

1. e4 d5 2. exd5 Qxd5 3. Nc3 Qa5 4. Bc4 Nf6 5. Nf3 Bf5 6. d3 e6 7. O-O Bd6 8.
Bb5+ c6 9. Bc4 Bg4 10. Qe2 Qh5 11. Re1 Bxf3 12. Qxf3 Qxh2+ 13. Kf1 O-O 14. Qh3
Qxh3 15. gxh3 b5 16. Bb3 Nbd7 17. a4 b4 18. Ne4 Nxe4 19. Rxe4 Nc5 20. Rxb4 Rab8
21. Rxb8 Rxb8 22. Bc4 a5 23. Bd2 Rxb2 24. Rc1 h6 25. Bxa5 Bf4 26. Rd1 Rxc2 27.
Bb6 Nxa4 28. Bb3 Nc3 29. Bxc2 Nxd1 30. Bxd1 g5 31. Bf3 f5 32. Kg2 Bb8 33. Bxc6
e5 34. f3 Kf7 35. Bd7 f4 36. Bd8 Bd6 37. Bc8 Be7 38. Bc7 Bf6 39. Kf2 Kg6 40.
Ke2 h5 41. Kf2 h4 42. Ke2 Bh8 43. Kd2 Bf6 44. Kc2 Bh8 45. Kb3 Bf6 46. Kc4 Bh8
47. Kd5 Bf6 48. Bxe5 Bd8 49. Bg4 Ba5 50. Ke6 Bd8 51. d4 Ba5 52. d5 Bb4 53. Bd6
Ba5 54. Bf5+ Kg7 55. Ke7 Bb6 56. Be5+ Kg8 57. Ke8 Ba5 58. d6 g4 59. Bxg4 Bb6
60. d7 Ba5 61. Bc3 Bc7 62. Be5 Ba5 63. Bxf4 Kh8 64. Kf7 Bd8 65. Bf5 Bf6 66.
d8=Q+ Bxd8 67. Be5+ Bf6 68. Bxf6# 1-0

[Event "DEM U10/U10w 2006"]
[Site "Willingen GER"]
[Date "2006.06.05"]
[Round "4"]
[White "Schrötter, Luisa"]
[Black "Rahimi, Rozafa"]
[Result "0-1"]
[Termination "normal"]
[Board "38"]
[WhiteElo "748"]
[BlackElo "1082"]
[PlyCount "78"]
[BlackFideId "24692280"]
[EventCountry "GER"]
[EventRounds "11"]
[EventType "swiss"]
[EventDate "2006.06.03"]

1. e4 d5 2. exd5 Qxd5 3. Nc3 Qa5 4. h3 Bf5 5. d4 c6 6. Bd2 Qc7 7. Bc4 a5 8. a4
Nf6 9. Nf3 e6 10. O-O Bd6 11. Re1 O-O 12. Qb1 Nbd7 13. Qc1 Nb6 14. Be2 Nbd5 15.
Nxd5 cxd5 16. Bb5 Bxc2 17. Re3 Be4 18. Qxc7 Bxc7 19. Rc1 Bb6 20. Rec3 h6 21.
Ne5 Bxd4 22. Rc7 Bxe5 23. Rxb7 Bxb2 24. Rcc7 d4 25. Ra7 Rxa7 26. Rxa7 Ra8 27.
Rxa8+ Bxa8 28. Bxa5 Bc3 29. Bxc3 dxc3 30. Bd3 Be4 31. Bxe4 Nxe4 32. a5 c2 33.
Kh2 c1=Q 34. a6 Nxf2 35. a7 Qc7+ 36. Kg1 Qxa7 37. Kf1 Qa2 38. Kg1 Ne4 39. Kf1
Qf2# 0-1

[Event "DEM U10/U10w 2006"]
[Site "Willingen GER"]
[Date "2006.06.05"]
[Round "4"]
[White "Hellwig, Immo"]
[Black "G., Diana"]
[Result "1-0"]
[Termination "normal"]
[Board "39"]
[WhiteElo "1074"]
[BlackElo "769"]
[PlyCount "65"]
[BlackFideId "12964700"]
[EventCountry "GER"]
[EventRounds "11"]
[EventType "swiss"]
[EventDate "2006.06.03"]

1. e4 e5 2. Nf3 Nc6 3. Bc4 Nf6 4. Ng5 d5 5. exd5 Nd4 6. c3 Ng4 7. Nxf7 Qh4 8.
g3 Qf6 9. O-O Qxf7 10. cxd4 Qh5 11. h4 Be7 12. Qf3 Bxh4 13. Qh1 Qg5 14. Qxh4
Qf5 15. Bb5+ c6 16. dxc6 b6 17. c7+ Kf8 18. Qd8+ Kf7 19. Qd5+ Be6 20. Qg2 exd4
21. f3 Nf6 22. Bc6 Rac8 23. b3 Qh5 24. Ba3 Bh3 25. Qe2 Rxc7 26. Rc1 Qg5 27. g4
Nxg4 28. fxg4 Bxg4 29. Bd5+ Be6+ 30. Qg2 Qh6 31. Rxc7+ Kf6 32. Be7+ Kf5 33.
Qe4# 1-0

[Event "DEM U10/U10w 2006"]
[Site "Willingen GER"]
[Date "2006.06.05"]
[Round "4"]
[White "Takeuchi, Eiki"]
[Black "Puffay, Jana"]
[Result "1-0"]
[Termination "normal"]
[Board "40"]
[WhiteElo "1065"]
[BlackElo "733"]
[PlyCount "55"]
[WhiteFideId "24663751"]
[BlackFideId "24692360"]
[EventCountry "GER"]
[EventRounds "11"]
[EventType "swiss"]
[EventDate "2006.06.03"]

1. e4 c5 2. Nf3 Nc6 3. d4 cxd4 4. Nxd4 Nxd4 5. Qxd4 Nf6 6. Nc3 g6 7. Bf4 Bg7 8.
Qc4 O-O 9. O-O-O d6 10. f3 Be6 11. Qb4 b6 12. e5 a5 13. Qa3 Nd7 14. exd6 exd6
15. Rxd6 Qe7 16. Nb5 Be5 17. Bxe5 Nxe5 18. Qc3 Nd7 19. a3 Rac8 20. Qe3 Rfe8 21.
Qh6 Bf5 22. Bd3 Bxd3 23. Rxd3 Qc5 24. Nc3 Re2 25. Rxd7 b5 26. Qf4 b4 27. Qxf7+
Kh8 28. Qg7# 1-0

[Event "DEM U10/U10w 2006"]
[Site "Willingen GER"]
[Date "2006.06.05"]
[Round "4"]
[White "Geise, Maria"]
[Black "Hirschmann, Jakob"]
[Result "1-0"]
[Termination "normal"]
[Board "45"]
[WhiteElo "942"]
[BlackElo "1042"]
[PlyCount "69"]
[BlackFideId "24652067"]
[EventCountry "GER"]
[EventRounds "11"]
[EventType "swiss"]
[EventDate "2006.06.03"]

1. e4 e5 2. Nf3 Nf6 3. Nc3 Nc6 4. Bc4 Bc5 5. d3 h6 6. O-O O-O 7. Be3 Bb4 8. Bd2
d6 9. h3 Be6 10. Bb5 Nd4 11. a3 Ba5 12. b4 Bb6 13. Be3 a6 14. Ba4 c5 15. Rb1
Ba7 16. Re1 d5 17. Nxe5 Rb8 18. exd5 Bxd5 19. Bxd4 cxd4 20. Nxd5 Qxd5 21. Bb3
Qd6 22. Re2 Ra8 23. Qd2 Bb8 24. Rbe1 Nd7 25. Nf3 Nf6 26. Ba2 Nh7 27. Re8 Ng5
28. Rxf8+ Kxf8 29. Nxg5 Qh2+ 30. Kf1 hxg5 31. Qxg5 Bd6 32. Qh5 Qh1+ 33. Ke2
Re8+ 34. Kf3 Re3+ 35. Rxe3 1-0

[Event "DEM U10/U10w 2006"]
[Site "Willingen GER"]
[Date "2006.06.05"]
[Round "4"]
[White "Räcke, Geesche"]
[Black "Grzeca, Carmen"]
[Result "1/2-1/2"]
[Termination "normal"]
[Board "46"]
[WhiteElo "970"]
[BlackElo "858"]
[PlyCount "55"]
[EventCountry "GER"]
[EventRounds "11"]
[EventType "swiss"]
[EventDate "2006.06.03"]

1. e4 e5 2. Nf3 Nc6 3. Bc4 Bc5 4. c3 Nf6 5. d3 h6 6. Be3 Bb6 7. O-O O-O 8. Nbd2
d6 9. d4 d5 10. exd5 Nxd5 11. Re1 Qf6 12. Nxe5 Nxe5 13. dxe5 Qxe5 14. Bxb6 Qg5
15. Ne4 Qg6 16. Bc5 Bh3 17. g3 Rfd8 18. Qd2 Qf5 19. a3 Qf3 20. Bf1 b6 21. Bxh3
bxc5 22. Nxc5 Nf6 23. Bg2 Qf5 24. Qc1 Rac8 25. Nb7 Rd7 26. b4 Qb5 27. c4 Qh5
28. Qf4 1/2-1/2

[Event "DEM U10/U10w 2006"]
[Site "Willingen GER"]
[Date "2006.06.05"]
[Round "4"]
[White "Püschel, Torben"]
[Black "Michalik, Marina"]
[Result "1/2-1/2"]
[Termination "normal"]
[Board "47"]
[WhiteElo "937"]
[BlackElo "834"]
[PlyCount "112"]
[EventCountry "GER"]
[EventRounds "11"]
[EventType "swiss"]
[EventDate "2006.06.03"]

1. d4 d5 2. c4 c6 3. Nf3 e6 4. Bg5 Be7 5. Bxe7 Qxe7 6. Nc3 Nf6 7. e3 O-O 8. Bd3
Nbd7 9. O-O e5 10. Be2 exd4 11. Qxd4 Re8 12. cxd5 Nxd5 13. Nxd5 cxd5 14. Qxd5
Nb6 15. Qb3 Be6 16. Qb5 Bd7 17. Qg5 Qb4 18. b3 f6 19. Qh4 Qd6 20. Rad1 Qe7 21.
Bd3 g6 22. Rd2 Rac8 23. Rfd1 Red8 24. Bc4+ Nxc4 25. bxc4 Kg7 26. h3 Qf7 27. Rd4
Rc7 28. g4 g5 29. Qg3 Rxc4 30. Rd6 Rc2 31. e4 Rc7 32. Rxf6 Qxf6 33. Qxc7 Qxf3
34. Rxd7+ Rxd7 35. Qxd7+ Qf7 36. Qd4+ Kg6 37. Qxa7 Qe6 38. Qxb7 Qxa2 39. e5
Qa1+ 40. Kg2 Qxe5 41. Qc6+ Kg7 42. Qd7+ Kg6 43. Qd8 Qe4+ 44. Kf1 Qh1+ 45. Ke2
Qxh3 46. Qd3+ Qxd3+ 47. Kxd3 h5 48. gxh5+ Kxh5 49. Ke3 Kg4 50. Ke4 Kh5 51. Kf3
Kg6 52. Kg4 Kf6 53. f3 Kg6 54. Kg3 Kf5 55. Kh3 Kg6 56. Kg4 Kf6 1/2-1/2

[Event "DEM U10/U10w 2006"]
[Site "Willingen GER"]
[Date "2006.06.05"]
[Round "4"]
[White "Bajorski, Maria Sophie"]
[Black "Schumacher, Wendy"]
[Result "1-0"]
[Termination "normal"]
[Board "48"]
[WhiteElo "818"]
[BlackElo "880"]
[PlyCount "121"]
[WhiteFideId "24654531"]
[EventCountry "GER"]
[EventRounds "11"]
[EventType "swiss"]
[EventDate "2006.06.03"]

1. d4 d5 2. c4 e6 3. Nc3 Nf6 4. Bg5 Be7 5. Nf3 O-O 6. e3 Nc6 7. Be2 Bd7 8. O-O
h6 9. Bh4 Bd6 10. Qc2 Qe7 11. c5 Nb4 12. cxd6 Qxd6 13. Qd1 Rac8 14. Bxf6 gxf6
15. a3 Na6 16. Bd3 e5 17. Re1 Rfe8 18. Nd2 f5 19. e4 exd4 20. Nxd5 f4 21. Qf3
Nc5 22. Nc4 Qg6 23. Nxf4 Bg4 24. Qg3 Qg5 25. Nd5 h5 26. h3 h4 27. Qxg4 Qxg4 28.
hxg4 Nxd3 29. Red1 Nc5 30. Rab1 Rxe4 31. Nf6+ Kg7 32. Nxe4 Nxe4 33. Rxd4 Re8
34. Re1 Nf6 35. Rxe8 Nxe8 36. g5 b5 37. Rd8 bxc4 38. Rxe8 f6 39. f4 fxg5 40.
fxg5 Kg6 41. Rg8+ Kh7 42. Rc8 Kg6 43. Rxc7 Kxg5 44. Rxc4 Kh5 45. b4 a6 46. a4
Kg5 47. b5 axb5 48. axb5 Kf5 49. b6 Ke6 50. b7 Kd5 51. Rg4 h3 52. b8=R h2+ 53.
Kxh2 Kd6 54. Rc4 Kd5 55. Rc2 Kd6 56. Rd8+ Ke7 57. Rd3 Kf6 58. Re2 Kf5 59. Re8
Kg4 60. Rf3 Kh4 61. Rg8 1-0

[Event "DEM U10/U10w 2006"]
[Site "Willingen GER"]
[Date "2006.06.05"]
[Round "4"]
[White "Schulze, Tabea"]
[Black "Klemm, Lisa-Marie"]
[Result "1-0"]
[Termination "normal"]
[Board "49"]
[WhiteElo "869"]
[BlackElo "795"]
[PlyCount "73"]
[EventCountry "GER"]
[EventRounds "11"]
[EventType "swiss"]
[EventDate "2006.06.03"]

1. e4 e5 2. Nf3 Nc6 3. Bc4 Bc5 4. c3 Nf6 5. d4 exd4 6. cxd4 Bb4+ 7. Nc3 O-O 8.
e5 Ne4 9. Qc2 Nxc3 10. bxc3 Be7 11. O-O b6 12. Qd3 a6 13. Bb3 g6 14. Qd2 Re8
15. Qh6 Bf8 16. Qh3 Bb7 17. Bd5 a5 18. Ng5 h6 19. Nxf7 Qb8 20. Bxh6 Re7 21. Qg4
Rxf7 22. Qxg6+ Kh8 23. Bxf7 Ne7 24. Qf6+ Kh7 25. Rfe1 Bxh6 26. Qxe7 Qh8 27. d5
Qg7 28. Rad1 c6 29. Rd3 cxd5 30. Rg3 Qxg3 31. fxg3 Bg7 32. Re3 Bf8 33. Rf3 Bh6
34. g4 Kg7 35. Qf6+ Kh7 36. Qg6+ Kh8 37. Qxh6# 1-0